000 00691cam a2200277 i 4500
001 0000530
003 DO-SdBNP
005 20180213141500.0
007 0000530
008 100514s 1976 sp | |||| 000 f spa
015 _a
017 _a
_b
020 _a8427245572
035 _a
040 _aBPMSU
_bspa
_cBPMSU
_e
080 _a
100 1 _aSalgari, Emiliio
_d1862-1911
245 1 4 _aSandokán :
_ben los tigues de Malasia /
_h
_cEmilio Salgari
260 _aBarcelona :
_bMolino,
_c1976.
300 _a214 p.:
_bil.
_c21 m
490 1 _aSandokán
_v7
830 0 _aSandokán
_n7
942 _2ddc
_cBK
945 _aInventariado, 2018/YL
956 _aYLOCKWARD
_cBPMSU
_b10
999 _c10851
_d10851